Devinez la Capitale Mystère #179 - Statistiques

Statistiques générales
  • Ce quiz a été pris 64 fois
  • Le résultat moyen est 28 sur 32
Statistiques - réponses
Type de Réponse Réponse % Correct
Lettre de l'Alphabet O
100%
Lettre Trouvée R
100%
Lettre Trouvée A
98%
Lettre de l'Alphabet E
98%
Lettre Trouvée I
98%
Lettre de l'Alphabet M
98%
Lettre de l'Alphabet S
98%
Lettre de l'Alphabet B
96%
Lettre de l'Alphabet N
96%
Lettre Trouvée D
94%
Lettre de l'Alphabet L
94%
Lettre de l'Alphabet P
93%
Lettre de l'Alphabet T
93%
Lettre de l'Alphabet C
91%
Lettre de l'Alphabet G
91%
Lettre de l'Alphabet H
91%
Lettre Bien Placée A
89%
Lettre de l'Alphabet U
87%
Lettre Bien Placée I
85%
Lettre de l'Alphabet K
85%
Lettre de l'Alphabet V
85%
Lettre de l'Alphabet W
85%
Lettre Bien Placée R
83%
Lettre Trouvée Y
81%
Lettre de l'Alphabet Z
81%
Lettre de l'Alphabet J
80%
Lettre de l'Alphabet X
80%
Lettre de l'Alphabet Q
78%
Lettre de l'Alphabet F
76%
Lettre Bien Placée D
74%
Capitale Mystère Riyad
74%
Lettre Bien Placée Y
74%
Aucun quiz correspondant
Distribution des résultats
% des personnes avec chaque résultat
Percentile par nombre de réponses
Votre historique - résultats
Vous n’avez pas pris ce quiz